00274nam a2200109Ia 4500008004100000100001400041245002900055260003600084650002000120942000700140999001700147190216s9999||||xx |||||||||||||| ||und|| aViswanath 0aAdunika Gadya Mathrgakal bCalicut University Publications aEssay Malayalam cBK c25642d25642